Normal view
MARC view
Entry Personal Name
001 - CONTROL NUMBER
- control field: 79015
003 - CONTROL NUMBER IDENTIFIER
- control field: dpl
005 - DATE AND TIME OF LATEST TRANSACTION
- control field: 20250301143053.0
008 - FIXED-LENGTH DATA ELEMENTS
- fixed length control field: 250301|| aca||aabn | a|a d
040 ## - CATALOGING SOURCE
- Original cataloging agency: dpl
- Transcribing agency: dpl
100 ## - HEADING--PERSONAL NAME
- Personal name: मिश्रा , सुरेश बाबू
670 ## - SOURCE DATA FOUND
- Source citation: Work cat.: (dpl)209909: मिश्रा , सुरेश बाबू, जिनका यश फैला अम्बर तक /, 2022
